000 00836nam0a22002651 4500
001 rc\694710
005 20250621213836.0
035 _a(NLR Aleph) 005931177
090 _a6579963
_c6579963
100 _a20031121d1985 |||y0rusy50 ca
101 0 _arus
102 _aRU
105 _aa |||||||||
200 1 _aАнтибиотики
_fПер. с англ. д. б. н. Ю.В. Дудника
210 _aМ.
_cМир
_d1985
215 _a272 с.
_cил.
_d22
300 _aПер. изд.: Antibiotigc / Giancarlo Lancini, Francesco Parent: (New York etc, 1982)
320 _aБиблиогр.: с. 261-264
700 1 _aЛанчини
_bД.
_gДжанкарло
701 1 _aПаренти
_bФ.
_gФранческо
801 0 _aRU
_bNLR
_gpsbo
801 1 _aRU
_bELAR
_2rusmarc
852 _aNLR
_j85-5/2937
942 _cBOOK
980 _aNB